000 00513cam a22002054a 4500
005 20250605164249.0
008 250528s ||||||||||||||||||||||||d
035 _a21675
020 _a9789604891757
040 _aGR-AtMCL
_bgre
_dGR-AtMCL
_eAACR2
245 1 _aΚΙΝΗΤΙΚΟΣ ΕΛΕΓΧΟΣ
250 _a1
260 _bΠασχαλιδης,
_c2012
300 _a661
700 1 _aShumway-Cook Anne
_95814
700 1 _aWoollacott Marjorie
_95815
942 _cBK
999 _c6736
_d6736